Bryan Cranston Filmography - Statistics

General Stats
  • This quiz has been taken 159 times
    28 since last reset
  • The average score is 23 of 221
Answer Stats
Type Year Name % Correct
TV Show 2008-2013 Breaking Bad
95%
TV Show 2000-2006 Malcolm in the Middle
90%
TV Show 2022 Better Call Saul
80%
Film 2019 El Camino: A Breaking Bad Movie
70%
Film 1998 Saving Private Ryan
60%
TV Show 1994-1997 Seinfeld
55%
Film 2015 Trumbo
55%
Film 2014 Godzilla
45%
TV Show 2010, 2016 Saturday Night Live
45%
TV Show 2020-2023 Your Honor
45%
Film 2023 Asteroid City
40%
Film 2025 The Phoenician Scheme
40%
Film 2011 Drive
35%
TV Show 2006, 2007, 2013 How I Met Your Mother
35%
Film 2018 Isle of Dogs
35%
Web Series 2025 The Studio
35%
Film 2012 Argo
30%
Film 2024 Argylle
30%
Film 2006 Little Miss Sunshine
30%
TV Show 1998 The X-Files
30%
Film 2016 Why Him?
30%
Theater 2012-2014 All the Way
25%
TV Film 2016 All the Way
25%
Film 2017 The Upside
25%
TV Show 2017 Curb Your Enthusiasm
20%
Film 2012 Madagascar 3: Europe's Most Wanted
20%
Video Game 2012 Madagascar 3: The Video Game
20%
Film 2016 The Infiltrator
20%
TV Show 2012 30 Rock
15%
Award Show 2014 66th Primetime Emmy Awards
15%
TV Show 2005, 2010 American Dad!
15%
Film 2011 Contagion
15%
TV Show 2006, 2008, 2014, 2019-Present Family Guy
15%
Video Game 2014 Family Guy: The Quest for Stuff
15%
Film 2022 Jerry and Marge Go Large
15%
Film 2016 Kung Fu Panda 3
15%
Film 2024 Kung Fu Panda 4
15%
Film 2017 Last Flag Flying
15%
TV Show 1993 Mighty Morphin Power Rangers
15%
Commercial 2023 PopCorners
15%
Film 2017 Saban's Power Rangers
15%
Director 2012 The Office
15%
TV Show 2012, 2013 The Simpsons
15%
Theater 2025-2026 All My Sons
10%
Film 1987 Amazon Women on the Moon
10%
Film 2011 Batman: Year One
10%
TV Film 1981 Call of the Wild: Howl, Buck
10%
Film 1994 Clean Slate
10%
Film 1994 Erotique
10%
TV Show 2023 It's Always Sunny in Philadelphia
10%
Film TBA Lone Wolf
10%
TV Show 1986, 1990, 1996 Murder, She Wrote
10%
Theater 2017-2018 Network
10%
Film 2001 Ramayana: The Legend of Prince Rama
10%
Film 2012 Red Tails
10%
Film 2012 Rock of Ages
10%
Film 1992 Royal Space Force: The Wings of Honnêamise
10%
Film 1996 That Thing You Do!
10%
Film 1988 The Big Turnaround
10%
TV Show 2012-2013 The Cleveland Show
10%
Film 2017 The Disaster Artist
10%
TV Show 1999-2001 The King of Queens
10%
Film 2011 The Lincoln Lawyer
10%
TV Show 1999 3rd Rock from the Sun
5%
Theater 1992 A Doll's House
5%
TV Show 1986 Airwolf
5%
TV Show 1997 Alright Already
5%
Documentary Series 2021 Animal
5%
TV Show 2012 Archer
5%
TV Mini-Series 1995 Armitage III
5%
Film TBA Assassination
5%
Commercial 2014 Audi
5%
TV Show 1997 Babylon 5
5%
Music Video 2024 ...Baby One More Time
5%
TV Show 1989 Baywatch
5%
Director 2006 Big Day
5%
Documentary Mini-Series 2013 Big Historya
5%
Music Video 2002 Boss of Me
5%
TV Show 1998 Brooklyn South
5%
TV Show 1995 Brotherly Love
5%
TV Show 1990 Capital News
5%
Theater 2007 Chapter Two
5%
TV Show 1998 Chicago Hope
5%
Film TBA Chili Finger
5%
TV Show 1982 CHiPs
5%
TV Show 2000-2001 Clerks: The Animated Series
5%
Film 2013 Cold Comes the Night
5%
Film 1990 Corporate Affairs
5%
TV Show 1985 Cover Up
5%
TV Show 1982 Crisis Counselor
5%
TV Show 1992 Davis Rules
5%
TV Pilot 1994 Days Like This
5%
TV Film 1991 Dead Silence
5%
Film 1991 Dead Space
5%
Film 2011 Detachment
5%
TV Show 1996, 1998 Diagnosis: Murder
5%
TV Pilot 1997 Dogs
5%
TV Show 1996 Eagle Riders
5%
Commercial 2015 Esurance
5%
Film 2025 Everything's Going to Be Great
5%
Short Film 2022 Experience Yosemite
5%
TV Pilot 1995 Extreme Blue
5%
TV Show 1989 Falcon Crest
5%
TV Mini-Series 2007 Fallen
5%
Commercial 2019-Present Ford
5%
TV Mini-Series 1998 From the Earth to the Moon
5%
TV Film 1980 Galaxy Express 999: Can You Love Like a Mother!?
5%
TV Show 2001 Gary & Mike
5%
Film 2016 Get a Job
5%
TV Show 2010, 2011 Glenn Martin, DDS
5%
TV Show 1997 Goode Behavior
5%
Film TBA Grendel
5%
Film 2007 Hard Four
5%
TV Show 1987 Hill Street Blues
5%
Web Mini-Series 2020 Home Movie: The Princess Bride
5%
TV Show 1998 Honey, I Shrunk the Kids: The TV Show
5%
TV Show 1990 Hull High
5%
TV Mini-Series 1989 I Know My First Name Is Steven
5%
Film 2004 Illusion
5%
Film 2016 In Dubious Battle
5%
Film 2006 Intellectual Property
5%
Film TBA Jackpot
5%
TV Show 1990 Jake and the Fatman
5%
Film 2012 John Carter
5%
TV Film 1995 Kissing Miranda
5%
TV Show 1992 L.A. Law
5%
TV Show 1995 Land's End
5%
Film 2011 Larry Crowne
5%
Film 1999 Last Chance
5%
Film 2011 Leave
5%
TV Show 2003-2005 Lilo & Stitch: The Series
5%
Film 2010 Love Ranch
5%
TV Show 1983-1984 Loving
5%
TV Mini-Series 1994 Macross Plus
5%
Documentary 2005 Magnificent Desolation: Walking on the Moon 3D
5%
TV Show 1987, 1991 Matlock
5%
TV Film 1994 Men Who Hate Women & the Women Who Love Them
5%
Director 2012, 2013 Modern Family
5%
TV Show 1993 Moldiver
5%
TV Show 1997 Moloney
5%
Short Film 2024 Moscow Mule
5%
Commercial 2020 Mountain Dew Zero
5%
TV Film 2003 National Lampoon's Thanksgiving Family Reunion
5%
Music Video 2015 Neverland
5%
TV Mini-Series 1986 North and South: Book II
5%
TV Show 1995 Nowhere Man
5%
TV Show 1985 One Life to Live
5%
TV Show 1997 Pearl
5%
TV Show 2017 Philip K. Dick's Electric Dreams
5%
Theater 2022 Power of Sail
5%
TV Film 1993 Prophet of Evil: The Ervil Lebaron Story
5%
Podcast 2024 Radio Play Revival
5%
TV Show 1988 Raising Miranda
5%
TV Show 2011, 2016, 2018 Robot Chicken
5%
TV Show 1997 Sabrina the Teenage Witch
5%
Film 2004 Seeing Other People
5%
Film 2022 Sell/Buy/Date
5%
Web Series 2015-2017 Sneaky Pete
5%
Director 2006 Special Unit
5%
Film 1997 Strategic Command
5%
Film 1996 Street Corner Justice
5%
Film 1994 Street Fighter II: The Animated Movie
5%
TV Show 1993 Super Dimension Century Orguss 02
5%
TV Show 2015-2019 SuperMansion
5%
TV Film 2012 Surviving Hawking
5%
Film TBA Tangles: A Story About Alzheimer's, My Mother and Me
5%
TV Show 1994 Tekkaman Blade
5%
TV Show 1995 Teknoman
5%
Film 2000 Terror Tract
5%
TV Show 2007 Thank God You're Here
5%
Film 2024 The Alchemist of Cecil Street
5%
Film 2000 The Big Thing
5%
TV Film 1994 The Companion
5%
TV Film 1993 The Disappearance of Nora
5%
TV Show 1991 The Flash
5%
Theater 2006 The God of Hell
5%
Web Series 2011 The Handlers
5%
TV Pilot 2008 The Hollywood Quad
5%
TV Show 1996 The Louie Show
5%
Film 2020 The One and Only Ivan
5%
TV Show 1999 The Pretender
5%
TV Film 1987 The Return of the Six Million Dollar Man and the Bionic Woman
5%
TV Film 1996 The Rockford Files: Punishment and Crime
5%
TV Film 2001 The Santa Claus Brothers
5%
Web Series 2020 The Stand
5%
Theater 1992 The Taming of the Shrew
5%
Film 2026 Three Bags Full: A Sheep Detective Movie
5%
Film 1997 Time Under Fire
5%
TV Film 1980 To Race the Wind
5%
Film 2012 Total Recall
5%
TV Show 1997 Total Security
5%
TV Show 1995 Touched by an Angel
5%
TV Film 2001 'Twas the Night
5%
TV Short 2013 Übermansion
5%
TV Show 1998 V.I.P.
5%
TV Show 1994 Viper
5%
Film 2016 Wakefield
5%
TV Show 1994 Walker, Texas Ranger
5%
TV Show 1998 Working
5%
Short Film 2013 Writer's Block
5%
Audiobook 2009 Adventures with Kazmir The Flying Camel
0%
Short Documentary 2020 Ancient Caves
0%
TV Documentary 2013 Argo: Inside Story
0%
Film 1996 Armitage III: Polymatrix
0%
Commercial 1979 Arrow 'Cotton-Ease' Shirt
0%
Commercial 1982 Atari Megaforce
0%
Video Game 2019 Breaking Bad: Criminal Elements
0%
Short Film 2014 Bryan Cranston Helps Ask Girl to Prom
0%
Commercial 1988 Coffee-Mate
0%
Commercial 2015 Coors Light
0%
Commercial 1996 Excedrin
0%
Theater 2015-2016 Finding Neverland
0%
Commercial 2000 Honda Accord
0%
TV Mini-Series 2020 Jeopardy! The Greatest of All Time
0%
Short Documentary 2003 KidSmartz
0%
Commercial 2024 MLB
0%
Commercial 2014 Pennzoil
0%
Commercial 1980s Preparation H
0%
Film 2000 The Prince of Light
0%
Video Game 2017 The Simpsons: Tapped Out
0%
Audiobook 2013 The Things They Carried
0%
No matching quizzes found
Score Distribution
Percent of People with Each Score
Percentile by Number Answered
Your Score History
You have not taken this quiz since the last reset